The growing threats to the independence of the professions (Record no. 98902)

MARC details
000 -LEADER
fixed length control field 00447cam a2200181 4500
001 - CONTROL NUMBER
control field D11165
008 - FIXED-LENGTH DATA ELEMENTS--GENERAL INFORMATION
fixed length control field 090401t xxu||||| |||| 00| 0 eng d
035 ## - SYSTEM CONTROL NUMBER
System control number (Sirsi) u97460
041 ## - LANGUAGE CODE
Language code of text/sound track or separate title eng
050 ## - LIBRARY OF CONGRESS CALL NUMBER
Classification number 331.712
100 ## - MAIN ENTRY--PERSONAL NAME
Personal name Napley, David
245 #4 - TITLE STATEMENT
Title The growing threats to the independence of the professions
350 ## - PRICE (NR) (BK AM CF MU VM SE) [OBSOLETE]
Price 0
520 ## - SUMMARY, ETC.
Summary, etc. In Blundell memorial lectures 1983
700 ## - ADDED ENTRY--PERSONAL NAME
Personal name James, J.N.C.
942 ## - ADDED ENTRY ELEMENTS (KOHA)
Suppress in OPAC 0
948 ## - LOCAL PROCESSING INFORMATION (OCLC); SERIES PART DESIGNATOR (RLIN)
c (OCLC) 04/03/1997
Holdings
Withdrawn status Lost status Source of classification or shelving scheme Damaged status Not for loan Home library Current library Shelving location Date acquired Total Checkouts Full call number Barcode Date last seen Copy number Price effective from Koha item type
    Other/Generic Classification Scheme     London London Basement 15/06/2000   IN BLUNDELL MEMORIAL LECTURES 1983 97460-1001 06/08/2019 1 06/08/2019 Reference material